01780cam a22002895a 45000010009000000050017000090080041000260200018000670400070000850820019001551000041001742450073002152600056002883000036003445000024003805040032004045050554004366500051009906500050010416500051010916510010011426530021011529420008011739990017011819520152011989520140013501078546620201128023751.0131024s2014 enka frb 001 0 eng d a9780230289161 aBTCTAbengcBTCTAdBDXdUKMGBdYDXCPdCDXdDJBdNhCcYBPdEG-ScBUE04a337.0222bBRO1 aBroome, André,‏d1978-‏94036310aIssues and actors in the global political economy /cAndré Broome. aHampshire ;aNew York :bPalgrave Macmillan,c2014. axviii, 324 p. :bill. ;c24 cm. aIndex : p. 313-324. aBibliography : p. 285-312. 0 aIntroduction to international political economy -- Theoretical perspectives in international political economy -- Contemporary debates in international political economy -- State actors -- International organizations -- Club forums -- Market actors -- Non-governmental organizations -- Everyday actors -- Global trade -- Global money and national currencies -- Global capital mobility -- Financial crises -- Sovereign debt -- Tax and welfare -- Global poverty and development -- resource competition and energy -- The environment and climate change. 7aInternational economic relations.2BUEsh93036 7aGlobalizationxEconomic aspects.2BUEsh93901 7aGlobalizationxPolitical aspects.2BUEsh93902 2BUEsh bLLAAWWcJuly2016 2ddc c21985d21957 00102ddc40708BaccahaMAINbMAINc1STd2016-07-20ePurchaseg406.00h26080l1o337.0 BROp000032895r2025-07-15 00:00:00s2017-06-22v507.50yBB 00102ddc40708BaccahaMAINbMAINc1STd2016-07-20ePurchaseg406.00h26080l0o337.0 BROp000032896r2025-07-15 00:00:00v507.50yBB